<?xml version="1.0" encoding="UTF-8"?><?xml-stylesheet type="text/xsl" href="static/style.xsl"?><OAI-PMH xmlns="http://www.openarchives.org/OAI/2.0/" xmlns:xsi="http://www.w3.org/2001/XMLSchema-instance" xsi:schemaLocation="http://www.openarchives.org/OAI/2.0/ http://www.openarchives.org/OAI/2.0/OAI-PMH.xsd"><responseDate>2026-04-13T13:26:52Z</responseDate><request verb="GetRecord" identifier="oai:www.recercat.cat:2072/414309" metadataPrefix="marc">https://recercat.cat/oai/request</request><GetRecord><record><header><identifier>oai:recercat.cat:2072/414309</identifier><datestamp>2024-10-31T00:45:24Z</datestamp><setSpec>com_2072_98</setSpec><setSpec>col_2072_378192</setSpec></header><metadata><record xmlns="http://www.loc.gov/MARC21/slim" xmlns:dcterms="http://purl.org/dc/terms/" xmlns:xsi="http://www.w3.org/2001/XMLSchema-instance" xmlns:doc="http://www.lyncode.com/xoai" xsi:schemaLocation="http://www.loc.gov/MARC21/slim http://www.loc.gov/standards/marcxml/schema/MARC21slim.xsd">
   <leader>00925njm 22002777a 4500</leader>
   <datafield ind2=" " ind1=" " tag="042">
      <subfield code="a">dc</subfield>
   </datafield>
   <datafield ind2=" " ind1=" " tag="720">
      <subfield code="a">Bayer, Jogamaya</subfield>
      <subfield code="e">author</subfield>
   </datafield>
   <datafield ind2=" " ind1=" " tag="260">
      <subfield code="c">2017</subfield>
   </datafield>
   <datafield ind2=" " ind1=" " tag="520">
      <subfield code="a">This essay focusses on the cultural violence perpetrated against the adivasis in Mahasweta Devi's novella, Pterodactyl, Puran Sahay, and Pirtha. It illuminates how passive resistance of adivasis in the form of collective mourning upon the appearance of the pterodactyl in their region is misconstrued by others as a "deathwish". The outsiders' misapprehension of adivasis' desperation indicates their indifference to adivasis' culture. The appearance and death of the prehistoric bird is considered by the adivasis to be an omen predicting the extinction of the tribal people and of forthcoming ecological devastation. Although the text embodies the collective melancholia of the adivasis and the author's pessimistic conception of history, it, nevertheless, advocates the responsibility of writers and journalists to disseminate knowledge, thereby helping to usher in a new era.</subfield>
   </datafield>
   <datafield ind2=" " ind1=" " tag="520">
      <subfield code="a">Este ensayo se centra en la violencia cultural perpetrada contra los adivasis en la novela de Mahasweta Devi, Pterodactyl, Puran Sahay y Pirtha y esclarece cómo la resistencia pasiva de los adivasis, en forma de luto colectivo, es deconstruida por otros como un "deseo de la muerte". La mala interpretación que hacen los forasteros de la desesperación aborigen indica indiferencia ante su cultura. La aparición y la muerte del pájaro prehistórico es considerada por los adivasis como un augurio que predice la extinción de la tribu y la consiguiente devastación del medio ambiente. A pesar de que el texto representa la melancolía colectiva de los adivasis y una concepción pesimista de la historia por parte del autor, aboga, sin embargo, por la responsabilidad de los escritores y periodistas de diseminar el conocimiento, de manera que ayuden a dar paso a una nueva era.</subfield>
   </datafield>
   <datafield tag="653" ind2=" " ind1=" ">
      <subfield code="a">Adivasis</subfield>
   </datafield>
   <datafield tag="653" ind2=" " ind1=" ">
      <subfield code="a">Pterodactyl</subfield>
   </datafield>
   <datafield tag="653" ind2=" " ind1=" ">
      <subfield code="a">Cultural violence</subfield>
   </datafield>
   <datafield tag="653" ind2=" " ind1=" ">
      <subfield code="a">Collective mourning</subfield>
   </datafield>
   <datafield tag="653" ind2=" " ind1=" ">
      <subfield code="a">Passive resistance</subfield>
   </datafield>
   <datafield tag="653" ind2=" " ind1=" ">
      <subfield code="a">Deathwish</subfield>
   </datafield>
   <datafield tag="653" ind2=" " ind1=" ">
      <subfield code="a">Conception of history</subfield>
   </datafield>
   <datafield tag="653" ind2=" " ind1=" ">
      <subfield code="a">Pterodáctilo</subfield>
   </datafield>
   <datafield tag="653" ind2=" " ind1=" ">
      <subfield code="a">Deseo de la muerte</subfield>
   </datafield>
   <datafield tag="653" ind2=" " ind1=" ">
      <subfield code="a">Resistencia pasiva</subfield>
   </datafield>
   <datafield tag="653" ind2=" " ind1=" ">
      <subfield code="a">Duelo</subfield>
   </datafield>
   <datafield tag="653" ind2=" " ind1=" ">
      <subfield code="a">Indiferencia y violencia cultural</subfield>
   </datafield>
   <datafield tag="653" ind2=" " ind1=" ">
      <subfield code="a">Concepto de historia</subfield>
   </datafield>
   <datafield ind2="0" ind1="0" tag="245">
      <subfield code="a">The Return of the Prehistoric and the "Deathwish" of the Tribals in Mahasweta Devi's Novella, Pterodactyl, Puran Sahay, and Pirtha</subfield>
   </datafield>
</record></metadata></record></GetRecord></OAI-PMH>